Marvel: Cover Appearances: Silver Surfer Quiz Stats

Quiz not verified by Sporcle

Challenge
Share
Tweet
Embed
Score 0/66 Timer 08:00
0 Plays Today
Rank Silver Surfer Characters % Correct
8.Galactus
98.1%
4.Thing
97%
5.Human Torch (Johnny Storm)
95.5%
7.Mister Fantastic
95.1%
10.Invisible Woman
92.9%
2.Hulk
92.5%
1.Silver Surfer
92.1%
11.Thor
89.8%
15.Thanos
88.3%
13.Iron Man (Tony Stark)
88.3%
9.Captain America (Steve Rogers)
88%
63.Captain America (Falcon)
87.6%
12.Spider-Man (Peter Parker)
87.6%
14.Wolverine
87.6%
25.Nova (Frankie Raye)
86.5%
3.Doctor Strange
86.5%
28.Nova (Richard Rider)
86.5%
6.Namor the Sub-Mariner
84.2%
17.Cyclops
83.1%
22.Storm
77.1%
23.Beast
76.3%
31.Hawkeye (Clint Barton)
76.3%
20.Doctor Doom
75.6%
38.Dr. Henry Pym
75.6%
50.Jean Grey (Phoenix)
74.8%
19.She-Hulk (Jennifer Walters)
74.1%
51.Iceman
74.1%
29.Wasp (Janet van Dyne)
73.7%
24.Adam Warlock
72.2%
18.Drax the Destroyer
71.4%
52.Angel (Archangel)
71.1%
42.Colossus
70.7%
35.Black Panther (T'Challa)
68.8%
Rank Silver Surfer Characters % Correct
27.Scarlet Witch
67.3%
49.Nightcrawler (Kurt Wagner)
66.9%
40.Gamora
64.3%
21.Vision (Victor Shade)
63.2%
47.Firelord
62%
32.Black Bolt
60.2%
58.Rogue
59.8%
30.Quasar (Wendell Vaughn)
59.8%
41.Hercules
59.8%
16.Daredevil
59%
43.Mephisto
57.1%
57.Ant-Man (Scott Lang)
57.1%
54.Luke Cage (Power Man)
56.9%
65.Punisher
55.7%
33.Medusa
55.3%
45.Super-Skrull (Kl'rt)
54.9%
37.Wonder Man
54.9%
26.Iron Fist
54.1%
61.Moondragon
51.9%
46.Shalla-Bal
48.9%
55.Beta Ray Bill
46.6%
34.Valkyrie (Brunnhilde)
45.9%
62.Starfox
43.8%
59.Gladiator (Kallark)
42.9%
44.Nighthawk
38%
39.Nick Fury
37.2%
36.Moon Knight
35.7%
53.Hellcat
34.2%
66.Ronan the Accuser
33.1%
60.Mantis
31.2%
64.Quicksilver
30.8%
48.Red She-Hulk ('Betty' Ross)
26.7%
56.Impossible Man
10.9%

You're not logged in!

Compare scores with friends on all Sporcle quizzes.
Sign Up with Email
OR
Log In

You Might Also Like...

Show Comments

Extras

Top Quizzes Today


Score Distribution

Your Account Isn't Verified!

In order to create a playlist on Sporcle, you need to verify the email address you used during registration. Go to your Sporcle Settings to finish the process.

Report this User

Report this user for behavior that violates our Community Guidelines.

Details: